| 000 | 00495nmm a2200145Ia 4500 | ||
|---|---|---|---|
| 008 | 251105s9999||||xx |||||||||||||||||und|| | ||
| 041 | _aspa | ||
| 100 | _aFernández Vega, Juan L. | ||
| 245 | 0 | _aEl arsenal de Clío: el problema de la escritura de la historia en la cultura occidental, 1880-1990 | |
| 264 |
_a[Madrid, España] : _bGenueve Ediciones, _c2020 |
||
| 300 | _a482 páginas | ||
| 650 | _aHistory of Europe | ||
| 856 | _uhttps://public.digitaliapublishing.com/a/68997 | ||
| 942 | _cCF | ||
| 999 |
_c106807 _d106807 |
||